| 000 | 01209nam a2200337 c 4500 | ||
|---|---|---|---|
| 003 | BLK | ||
| 005 | 20180716121239.0 | ||
| 008 | 180413b bul|||||r ||||||| ||bul|| | ||
| 010 | _aKNG00029371000 | ||
| 020 |
_a954-701-074-3 _bиздат.: Компас |
||
| 040 | _aBLK | ||
| 041 |
_aBUL _cBUL |
||
| 080 |
_aАмериканска литература (на САЩ) _b821.111(73) _x-312.4 _z821.111(73)-312.4 |
||
| 100 | 1 |
_aРиан, Крис _eпърви автор _9116001 |
|
| 700 | 1 |
_aБелчев, Бранимир _9365945 |
|
| 139 |
_aРиан, Крис _bР 58 |
||
| 245 | 1 | 0 |
_aНулев избор _bРоман _cКрис Риан; Бранимир Белчев. |
| 257 | _aUSA | ||
| 260 |
_аВарна _bКомпас _c1999 _fВ. Търново : Абагар |
||
| 300 |
_a382 с. _c20 см |
||
| 380 | _aX | ||
| 490 | 1 | _aБиблиотека Светът на трилъра | |
| 500 | _aОриг. загл. Zero Ortion / Chris Ryan. | ||
| 653 | _aтрилъри | ||
| 653 | _aромани | ||
| 852 | _aЦб 202180 | ||
| 856 | 4 |
_qpdf _u |
|
| 856 | 4 |
_qpdf _u |
|
| 942 |
_cKNG _n0 _04 |
||
| 944 |
_aCR _c15.01.2003 _lф / _kЦветанка_Енчева |
||
| 944 |
_aED _c23.08.2016 _lф / _kПенка_Димитрова |
||
| 999 |
_c26815 _d26815 |
||